| 000 | 00675nam a2200145 a 4500 | ||
|---|---|---|---|
| 008 | 110712s2010 ||||||||||||||||| || u | ||
| 050 | _aTHESIS/STUDENT | ||
| 100 | _aMulenga, Charles | ||
| 245 | 1 | 0 | _aUse of group work method in teaching series and sequences |
| 260 |
_aKitwe _bCopperbelt University, School of Mathematics and Natural Sciences, Department of Mathematics and Science Education _c2010 |
||
| 350 | _a0.00 | ||
| 650 | _aEDUCATION, SECONDARY--ZAMBIA | ||
| 650 | 0 | _aEDUCATIONAL TESTS AND MEASUREMENTS | |
| 995 |
_D0.00 _FCBU-MAIN LIBRARY (Kitwe) _H1 _I0.00 _M1 _UAVAILABLE _WJul 12, 2011 _ZUniversity Collection |
||
| 999 |
_c61115 _d61115 |
||